Statistics for Sacha Baron Cohen Movies

Click here to take the quiz!

General Stats

  • This quiz has been taken 25 times
  • The average score is 5 of 12

Answer Stats

Release YearCostarsMovie% Correct
2006Ken Davitan, Pamela AndersonBorat: Cultural Learnings of America For Make Benefit Glorious Nation of Kazakhstan
73%
2012Ben Kingsley, Megan FoxThe Dictator
73%
2002Emilio Rivera, Martin FreemanAli G Indahouse
50%
2009Elton John, Snoop DoggBruno
50%
2005Ben Stiller, Chris RockMadagascar
45%
2012Hugh Jackman, Anne HathawayLes Miserables
41%
2007Johnny Depp, Helena Bonham CarterSweeney Todd: The Demon Barber of Fleet Street
32%
2016Johnny Depp, Anne HathawayAlice Through The Looking Glass
27%
2011Asa Butterfield, Chloe Grace MoretzHugo
23%
2016Mark Strong, Penelope CruzThe Brothers Grimsby
23%
2020Eddie Redmayne, John Carroll LynchThe Trial of the Chicago 7
18%
2006Will Ferrell, John C. ReillyTalladega Nights: The Legend of Ricky Bobby
0%

Score Distribution

Percentile by Number Answered

Percent of People with Each Score

Your Score History

You have not taken this quiz